Využitie Balanced scorecard v riadení verejnej správy a miestnej samosprávy

Enregistré dans:
Détails bibliographiques
Auteur principal: Dubovická, Lenka
Format: Chapitre de livre
Langue:slovaque
Tags: Ajouter un tag
Pas de tags, Soyez le premier à ajouter un tag!

MARC

LEADER 00000naa$a2200000$$$4500
001 0061410
005 20240502071705.0
041 0 |a slo 
044 |a SK 
245 1 0 |a Využitie Balanced scorecard v riadení verejnej správy a miestnej samosprávy  |c Lenka Dubovická 
100 1 |a Dubovická, Lenka